Normal view
MARC view
Entry Personal Name
001 - CONTROL NUMBER
- control field: 65173
003 - CONTROL NUMBER IDENTIFIER
- control field: OSt
005 - DATE AND TIME OF LATEST TRANSACTION
- control field: 20221208153224.0
008 - FIXED-LENGTH DATA ELEMENTS
- fixed length control field: 221208|| aca||aabn | a|a d
040 ## - CATALOGING SOURCE
- Original cataloging agency: OSt
- Transcribing agency: OSt
100 ## - HEADING--PERSONAL NAME
- Personal name: Vinith Narayan: विनीत नारायण
670 ## - SOURCE DATA FOUND
- Source citation: Work cat.: (OSt)225517: Vinith Narayan: विनीत नारायण , Hawala ke deshdrohi: हवाला के देशद्रोही , 1999